Možnosti využitia informačných technológií v zariadeniach cestovného ruchu diplomová práca

Salvato in:
Dettagli Bibliografici
Autore principale: Verčimaková, Kristína
Ente Autore: Obchodná fakulta EU. Katedra informatiky obchodných firiem
Altri autori: Potisková, Ingrid
Natura: Libro
Lingua:slovacco
Pubblicazione: Bratislava 2019
Tags: Aggiungi Tag
Nessun Tag, puoi essere il primo ad aggiungerne!!

MARC

LEADER 00000nbm a2200000 4500
001 0254021
005 20191023135304.2
041 0 |a slo 
044 |a SK 
245 1 0 |a Možnosti využitia informačných technológií v zariadeniach cestovného ruchu  |b diplomová práca  |c Kristína Verčimaková ; školiteľ: Ingrid Potisková 
264 1 |a Bratislava  |c 2019 
300 |a 62 s. 
100 1 |a Verčimaková, Kristína 
700 1 |a Potisková, Ingrid 
710 2 |a Obchodná fakulta EU. Katedra informatiky obchodných firiem